000 00733cam a2200181ua 4500
020 _a81-224-0596-7
_c14.00
041 _aeng
_h
082 _a670.423
_bDIR/TU
110 1 _aDirectorate general of employment .
_b
_c()
245 _aTurner second year: Assignment test /
_cDirectorate General of employment.
_hTextual Documents
250 _a1 /
_b.
260 _aNew Delhi :
_bWiley Eastern Ltd ,
_c1993.
300 _a47 ; .
365 _a14.00
504 _a
942 _cBK
999 _c10282
_d10282